| 000 | 00516ntaaa2200193 4500 | ||
|---|---|---|---|
| 003 | 01 | ||
| 005 | 20251027202549.0 | ||
| 008 | 0714s1973 ag 01 | ||
| 040 |
_aAR-BaBN _bspa _cAR-BaBN _eaacr _dRIC |
||
| 082 | _a301.4243 C45 | ||
| 100 |
_aChoisy, Maryse _924706 |
||
| 245 | _aPsicoanálisis de la prostitución | ||
| 250 | _a1 ed. | ||
| 260 |
_aBuenos Aires : _bEdiciones Hormé, _c1967 |
||
| 300 | _a163 p | ||
| 500 | _aLibro perdido. Juego de ficha retirado 26/8/76 | ||
| 650 | _aprostitución | ||
| 942 | _cBK | ||
| 999 |
_c20691 _d20691 |
||